[Event "Oberliga Bayern 1617"]
[Site "Bayern"]
[Date "2017.01.15"]
[Round "4.4"]
[White "Kotz, Reinhard"]
[Black "Unzicker, Ferdinand"]
[Result "1/2-1/2"]
[WhiteElo "2071"]
[BlackElo "2267"]
[PlyCount "47"]
[EventDate "2016.10.16"]
[EventType "team-tourn"]
[EventRounds "9"]
[EventCountry "GER"]
[SourceTitle "EXT 2019"]
[Source "ChessBase"]
[SourceDate "2018.10.10"]
[SourceVersion "1"]
[SourceVersionDate "2018.10.10"]
[SourceQuality "1"]
[WhiteTeam "Herzogenaurach"]
[BlackTeam "Bayern Muenchen II"]
[WhiteTeamCountry "GER"]
[BlackTeamCountry "GER"]

1. e4 c5 2. d4 cxd4 3. c3 dxc3 4. Nxc3 d6 5. Nf3 e6 6. Bc4 a6 7. 0-0 Ne7 8. Bg5 h6 9. Be3 Ng6 10. Nd4 Nc6 11. f4 Be7 12. Nxe6 Bxe6 13. Bxe6 fxe6 14. Qh5 0-0 15. Qxg6 Bf6 16. Rad1 Qe7 17. Rf3 Rad8 18. Rh3 d5 19. Rxh6 Bxc3 20. Qh7+ Kf7 21. bxc3 dxe4 22. Rxd8 Qxd8 23. Qg6+ Kg8 24. Qh7+ 1/2-1/2

[Event "Landesliga Nord 1516"]
[Site "Bayern"]
[Date "2016.03.13"]
[Round "8.4"]
[White "Kotz, Reinhard"]
[Black "Pfadenhauer, Johannes"]
[Result "0-1"]
[WhiteElo "2078"]
[BlackElo "2097"]
[PlyCount "54"]
[EventDate "2015.10.11"]
[EventType "team-tourn"]
[EventRounds "9"]
[EventCountry "GER"]
[SourceTitle "EXT 2018"]
[Source "ChessBase"]
[SourceDate "2017.10.13"]
[SourceVersion "1"]
[SourceVersionDate "2017.10.13"]
[SourceQuality "1"]
[WhiteTeam "Herzogenaurach"]
[BlackTeam "Bindlach Aktionaer II"]
[WhiteTeamCountry "GER"]
[BlackTeamCountry "GER"]

1. f4 Nf6 2. Nf3 d5 3. e3 g6 4. b4 Bg7 5. Bb2 0-0 6. c4 Nbd7 7. d4 Nb6 8. c5 Nc4 9. Bxc4 dxc4 10. Na3 b5 11. Nxb5 Nd5 12. Qd2 Rb8 13. Na3 Nxb4 14. Nxc4 Qd5 15. Nce5 f6 16. a3 fxe5 17. axb4 exf4 18. exf4 Qe4+ 19. Kf2 Rxf4 20. Rhe1 Qf5 21. Rxe7 Bf6 22. Rxc7 Be6 23. d5 Rfxb4 24. Bxf6 Qxf6 25. Qh6 Qb2+ 26. Ke3 Rb3+ 27. Kf4 R8b4+ 0-1